Ο οδοδείκτης: ποιήματα

Saved in:
Bibliographic Details
Main Author: Κούμουρου, Σόνια
Format: Book
Language:Greek
Published: Λευκωσία : Ακτή, 2007.
Subjects:
Tags: Add Tag
No Tags, Be the first to tag this record!

MARC

LEADER 00000cam a2200000 a 4500
001 1/117134
008 180907s2007####cy | ||| |||| ||gre||
020 |a 9963592376 
040 |a GR-MyUa  |b gre  |c GR-MyUa  |e AACR2 
041 0 |a gre 
082 7 |a 889.14   |2 (23) 
100 1 |a Κούμουρου, Σόνια. 
245 1 2 |a Ο οδοδείκτης:   |b ποιήματα /   |c Σόνια Κούμουρου.  
260 |a Λευκωσία :   |b Ακτή,   |c 2007.  
300 |a 58 σ. ;   |c 21 εκ.  
650 0 |a Cyprian poetry. 
650 0 |a Greek poetry, Modern  |z Cyprus. 
852 |a INST  |b RHODES  |e 20180907  |h 889.14 ΚΟΥ  |p 005400040201  |q 005400040201  |t BK  |y 0 
970 |a Κωτάκου  |b Μαρία  |z 07-09-2018